Idea de una nueva historia general de la América Septentrional : fundada sobre material copioso de figuras, símbolos, caractéres, y geroglíficos, cantares, y manuscritos de autores indios, últimamente descubiertos /

Bibliographic Details
Main Author: Boturini Benaducci, Lorenzo, 1702-1751
Other Authors: Zúñiga, Juan de, ǂd fl. 1720?-1756 (Printer)
Format: Book
Language:Spanish
Published: Madrid : Imprenta de Juan de Zuñiga, 1746.
Subjects:

MARC

Tag First Indicator Second Indicator Subfields
LEADER 00000cam a2200000 a 4500
001 in00002652003
005 20151202112622.0
008 751209s1746 sp c 000 0 spa
010 |a  02007337  
019 |a 13684058 
029 1 |a NZ1  |b 3593813 
029 1 |a AU@  |b 000023243429 
029 1 |a ZWZ  |b 042586925 
035 |a (OCoLC)ocm01884085 
035 |a (OCoLC)1884085  |z (OCoLC)13684058 
040 |a DLC  |c UCW  |d DLC  |d TXP  |d OCLCG  |d TXA  |d UtOrBLW 
043 |a n-mx--- 
049 |a TXAM 
050 0 0 |a F1219  |b .B75 
051 |a F1219  |b .B75 Copy 4  |c Provenance: Gift of Jay I. Kislak Foundation. LC copy has dealer description laid in. 
082 0 4 |a 972.01  |b B6592i 
090 |a F1219  |b .B75 1746 
100 1 |a Boturini Benaducci, Lorenzo,  |d 1702-1751. 
245 1 0 |a Idea de una nueva historia general de la América Septentrional :  |b fundada sobre material copioso de figuras, símbolos, caractéres, y geroglíficos, cantares, y manuscritos de autores indios, últimamente descubiertos /  |c dedicala al Rey ntro señor en su Real, y Supremo Consejo de las Indias el caballero Lorenzo Boturini Benaduci, señor de la Torre, y de Hono. 
264 1 |a Madrid :  |b Imprenta de Juan de Zuñiga,  |c 1746. 
300 |a 20 preliminary leaves, 167 pages 1 leaf, 6 unnumbered pages, 96 pages :  |b frontispiece, portrait ;  |c 21 cm. 
336 |a text  |b txt  |2 rdacontent 
337 |a unmediated  |b n  |2 rdamedia 
338 |a volume  |b nc  |2 rdacarrier 
500 |a Head and tail pieces. Initials. 
500 |a Includes: Catálogo del Museo Histórico Indiano del caballero Lorenzo Boturini Benaduci, señor de la Torre, y de Hono; 96 pages at end. 
650 0 |a Indians of Mexico  |x Antiquities  |v Early works to 1800. 
651 0 |a Mexico  |x History  |y To 1519. 
700 1 2 |a Boturini Benaducci, Lorenzo,  |d 1702-1751.  |t Catálogo del Museo Histórico Indiano. 
700 1 |a Zúñiga, Juan de, ǂd fl. 1720?-1756,  |e printer. 
740 0 2 |a Catálogo del Museo Histórico Indiano. 
776 0 8 |i Online version:  |a Boturini Benaducci, Lorenzo, 1702-1751.  |t Idea de una nueva historia general de la América Septentrional.  |d Madrid : Imprenta de Juan de Zuñiga, 1746  |w (OCoLC)670359907 
948 |a cataloged  |b h  |c 2010/11/17  |d c  |e hgolay  |f 5:42:39 pm 
994 |a C0  |b TXA 
999 |a MARS 
999 f f |s 846e9fb4-fac2-392b-bddc-a033a6ee4d27  |i b250e4fc-faf3-378d-8508-13ad8ed02884  |t 0 
952 f f |p noncirc  |a Texas A&M University  |b College Station  |c Cushing Memorial Library & Archives  |d Cushing: Colonial Mexican Imprints (Does not check out)  |t 0  |e F1219 .B75 1746  |h Library of Congress classification  |i unmediated -- volume 
998 f f |a F1219 .B75 1746  |t 0  |l Cushing: Colonial Mexican Imprints (Does not check out)